นิติศาสตร์ มหาวิทยาลัยธรรมศาสตร์ ปีที่ 20 ฉบับที่ 2 (มิ.ย. 2533) (ระเบียนเลขที่ 106623)
| 000 -LEADER | |
|---|---|
| fixed length control field | 02356nas a22002777a 4500 |
| 003 - CONTROL NUMBER IDENTIFIER | |
| control field | NALT |
| 005 - DATE AND TIME OF LATEST TRANSACTION | |
| control field | 20250521134858.0 |
| 006 - FIXED-LENGTH DATA ELEMENTS--ADDITIONAL MATERIAL CHARACTERISTICS | |
| fixed length control field | a|||p|r|||| 00| 0 |
| 007 - PHYSICAL DESCRIPTION FIXED FIELD--GENERAL INFORMATION | |
| fixed length control field | ta |
| 008 - FIXED-LENGTH DATA ELEMENTS--GENERAL INFORMATION | |
| fixed length control field | 250521b th |||p| |||| 00| 0 tha d |
| 040 ## - CATALOGING SOURCE | |
| Original cataloging agency | NALT |
| 041 ## - LANGUAGE CODE | |
| Language code of text/sound track or separate title | tha |
| 245 00 - TITLE STATEMENT | |
| Title | นิติศาสตร์ มหาวิทยาลัยธรรมศาสตร์ ปีที่ 20 ฉบับที่ 2 (มิ.ย. 2533) |
| 260 ## - PUBLICATION, DISTRIBUTION, ETC. | |
| Place of publication, distribution, etc. | คณะนิติศาสตร์ มหาวิทยาลัยธรรมศาสตร์ |
| 310 ## - CURRENT PUBLICATION FREQUENCY | |
| Current publication frequency | รายสามเดือน |
| 500 ## - GENERAL NOTE | |
| General note | วารสารเย็บเล่ม |
| 505 2# - FORMATTED CONTENTS NOTE | |
| Formatted contents note | ปีที่ 20 ฉบับที่ 2 มิ.ย. 2533 -- การชำระเงินในสัญญาซื้อขายระหว่างประเทศ -- การก่อตั้งหรือถือหุ้นในบริษัทจำกัดขององค์การปกครองส่วนท้องถิ่น -- ระบบประกันสังคมของไทย -- ทฤษฎีว่าด้วย<br/>การแบ่งแยกขอบเขตของกฎหมายระหว่างกฎหมายเอกชนกับกฎหมายมหาชน -- ปัญหาเกี่ยวกับสถานภาพทางกฎหมายของประเทศเยอรมัน -- สถานประกอบการถาวรกรณีโครงการก่อสร้างโครงการ<br/>ประกอบหรือโครงการติดตั้งตามอนุสัญญาภาษีซ้อนไทย-ญี่ปุ่น -- การคุ้มครองสิทธิของผู้ถือหุ้นฝ่ายข้างน้อยในบริษัท เอกชน จำกัด. |
| 650 #4 - SUBJECT ADDED ENTRY--TOPICAL TERM | |
| Topical term or geographic name entry element | กฎหมายมหาชน |
| 9 (RLIN) | 2028 |
| 650 #4 - SUBJECT ADDED ENTRY--TOPICAL TERM | |
| Topical term or geographic name entry element | ประกันสังคม |
| Geographic subdivision | ไทย |
| 9 (RLIN) | 10246 |
| 650 #4 - SUBJECT ADDED ENTRY--TOPICAL TERM | |
| Topical term or geographic name entry element | สัญญาซื้อขายระหว่างประเทศ |
| 9 (RLIN) | 36525 |
| 850 ## - HOLDING INSTITUTION | |
| Holding institution | NALT |
| 866 ## - TEXTUAL HOLDINGS--BASIC BIBLIOGRAPHIC UNIT | |
| Textual string | ปีที่ 20 ฉบับที่ 2 (มิ.ย. 2533) |
| 942 ## - ADDED ENTRY ELEMENTS (KOHA) | |
| Koha item type | Journal, Bound volume |
| 996 ## - STAFF PROCESSING RECORDS (NALT) | |
| Staff name | aroonthip.c |
| Staff type | LIBSTF |
| Acquisition or Cataloging date | 2025-05-21 |
| 998 ## - STAFF NAME (NALT) | |
| -- | 179 |
| -- | 179 |
| -- | นางสาวอรุณทิพย์ จันทร์ดิษฐ์ |
| Withdrawn status | Lost status | Damaged status | Not for loan | Collection code | Home library | Current library | Shelving location | Date acquired | Total Checkouts | Barcode | Date last seen | Price effective from | Koha item type |
|---|---|---|---|---|---|---|---|---|---|---|---|---|---|
| Bound Journal collection | National Assembly Library of Thailand | National Assembly Library of Thailand | Journal & Magazine shelves | 04/06/2025 | 2900036071 | 04/06/2025 | 04/06/2025 | Journal, Bound volume |
